00547 2200193 4500001002100000005001500021035002000036245007100056100002300127250001700150300003200167260003900199082000800238084001400246020002200260650001400282008004100296990001600337INLIS00000000000026520240530011454 a0010-05240001871 aKecil-kecil terampil :bAdang Jago Berdagang /cBambang Trimansyah0 aBambang Trimansyah acetakan ke-1 aiv, 44 hlm :bilus ;c21 cm aJakarta :bAzka Mulia Media,c2007 a813 a813 BAM a a978-979-1211-69-7 4aBuku Anak240530 0  a00000000698